000 00765nam a22002297i 4500
003 URS
005 20220114152925.0
008 160314b xxu||||| |||| 00| 0 eng d
020 _a9789719553007
040 _erda
_cURSP-College Library
_beng
050 _aPL6054
_bG54p 2012
100 1 _aGonzalvo Jr.,Romeo P.
245 _aPagbasa at Pagsulat tungo sa mas Mabisang Pananaliksik
_b(Batayang Aklat sa Filipino 2 Antas Tersyarya).
_cRomeo pagesGonzalvo Jr.
264 _aManila
_bPurely Books Trading and Pub. Corpages
_c2012
300 _axii, 160 pages:
_bcolour illustration;
_c25 cm
336 _atext
_btxt
_2rdacontent
337 _aunmediated
_bn
_2rdamedia
338 _avolume
_bnc
_2rdacarrier
650 0 _aReading.
650 0 _aWriting.
942 _2lcc
_cF
999 _c7864
_d7864